[Event "ch-ISL 2016"]
[Site "Reykjavik ISL"]
[Date "2016.06.11"]
[Round "11.6"]
[White "Gislason, Gudmundur"]
[Black "Kjartansson, David"]
[Result "1/2-1/2"]
[WhiteTitle "FM"]
[BlackTitle "FM"]
[WhiteElo "2280"]
[BlackElo "2371"]
[WhiteFideId "2300559"]
[BlackFideId "2301130"]
[EventDate "2016.05.31"]

1. Nf3 d5 2. g3 Nf6 3. Bg2 c6 4. d4 Bg4 5. h3 Bxf3 6. Bxf3 g6 7. c4 Bg7 8. Qb3
Qd7 9. Nc3 O-O 10. Bf4 Rd8 11. Rd1 dxc4 12. Qxc4 Nd5 13. Nxd5 cxd5 14. Qc7 Nc6
15. Qxd7 Rxd7 16. e3 e6 17. Be2 a6 18. h4 Bf8 19. h5 Rc8 20. hxg6 hxg6 21. Bd3
Bd6 22. Bh6 Bf8 23. Ke2 Bxh6 24. Rxh6 Kg7 25. Rdh1 Kf6 26. Rh7 Rg8 27. f4 Ke7
28. g4 g5 29. f5 e5 30. R1h6 exd4 31. Bxa6 dxe3 32. Kxe3 Kd8 33. Kd2 Ne5 34. Be2
d4 35. b3 Kc7 36. a4 Rd6 37. Re6 Rd5 38. Bc4 Rc5 39. Re7+ Kd6 40. Rxb7 Nxc4+ 41.
bxc4 Rxc4 42. Rb5 Rxa4 43. Rh6+ Kc7 44. Rc5+ Kd7 45. Rd5+ Kc7 46. Rc5+ Kd7 47.
Kd3 Rb8 48. Rd5+ Ke7 49. Re5+ Kd7 50. Rd5+ 1/2-1/2